000 00620nam a22001937a 4500
003 DO-CoUTE
005 20260519130959.0
008 260519b dr ||||| |||| 00| 0 spa d
040 _aDO-CoUTE
_bspa
_cDO-CoUTE
082 _aRD370.97293L268a
100 1 _aLanfranco, Pedro
_eAutor
245 1 0 _aApuntes Históricos de la Educación en Cotui /
_cPedro Lanfranco
260 _aCotuí, República Dominicana ;
_bSanchez Ramirez,
_c2007
300 _a77 Paginas :
_c22cm
504 _aIncluye referencia bibliográfica e índice.
650 4 _aEducación
700 1 _aPedro Lanfranco
_eAutor
942 _2ddc
_cBK
999 _c24203
_d24203